|
|
|
|
| LEADER |
00000nab a2200000 ar4500 |
| 001 |
vtls008990827 |
| 003 |
SK-MaSNL |
| 005 |
20260303170339.0 |
| 008 |
070413c20070324xo |||||||| 000 b|hun |
| 015 |
|
|
|a SNBRB2007/04
|2 snkbucl
|
| 038 |
|
|
|a SNKBUCL
|
| 040 |
|
|
|a DSZK
|b slo
|c DSZK
|e AACR2
|
| 041 |
0 |
|
|a hun
|
| 044 |
|
|
|a xo
|c SK
|
| 080 |
|
|
|a 821.511.141-32=511.141
|2 1997
|
| 100 |
1 |
|
|a Kassák, Lajos,
|d 1887-1967
|4 aut
|9 227932
|
| 245 |
1 |
0 |
|a A fal mögött áll és énekel
|c Kassák Lajos
|
| 300 |
|
|
|b Fotogr.
|
| 500 |
|
|
|a Datované 1926
|
| 500 |
|
|
|a Súčasťou je doslov knihy Tisztaság könyve, obsahujúce Kassákove novely
|
| 650 |
0 |
7 |
|a psychologické novely, maďarské
|2 snkbucl
|9 71595
|
| 773 |
0 |
|
|t Új szó
|g Évf. 60, sz. 70 (24.3.2007), o. 12
|
| 773 |
0 |
8 |
|i Mell.:
|t Szalon
|g Évf. 1, sz. 11 (2007)
|
| 852 |
|
|
|a SNK
|b KIS3GCP
|
| 852 |
|
|
|a DSZK
|b KIS3GCP
|
| 958 |
|
|
|a HU
|
| 958 |
|
|
|a LX
|
| 999 |
|
|
|c 2076554
|d 2078484
|